All cities of Armenia - Statistics

General Stats
  • This quiz has been taken 49 times
  • The average score is 16 of 49
Answer Stats
Region City % Correct
Capital Yerevan
100%
Shirak Province Gyumri
79%
Armavir Province Armavir
59%
Lori Province Vanadzor
59%
Ararat Province Ararat
56%
Kotayk Province Abovyan
54%
Vayots Dzor Province Sevan
51%
Ararat Province Artashat
46%
Tavush Province Ijevan
46%
Syunik Province Kapan
46%
Tavush Province Dilijan
44%
Syunik Province Goris
44%
Kotayk Province Hrazdan
44%
Syunik Province Meghri
41%
Aragatsotn Province Ashtarak
38%
Vayots Dzor Province Jermuk
38%
Ararat Province Masis
38%
Lori Province Spitak
38%
Armavir Province Vagharshapat
38%
Shirak Province Artik
33%
Gegharkunik Province Gavar
33%
Aragatsotn Province Aparan
31%
Gegharkunik Province Martuni
31%
Lori Province Alaverdi
28%
Aragatsotn Province Talin
28%
Vayots Dzor Province Yeghegnadzor
28%
Kotayk Province Charentsavan
26%
Tavush Province Noyemberyan
26%
Syunik Province Sisian
26%
Lori Province Stepanavan
26%
Vayots Dzor Province Vayk
26%
Ararat Province Vedi
26%
Syunik Province Kajaran
23%
Gegharkunik Province Vardenis
23%
Syunik Province Agarak
21%
Armavir Province Metsamor
21%
Tavush Province Berd
18%
Kotayk Province Tsaghkadzor
18%
Lori Province Tumanyan
18%
Shirak Province Maralik
15%
Tavush Province Ayrum
13%
Kotayk Province Byureghavan
13%
Kotayk Province Nor Hachn
13%
Lori Province Akhtala
10%
Gegharkunik Province Chambarak
10%
Kotayk Province Yeghvard
10%
Lori Province Shamlugh
8%
Lori Province Tashir
8%
Syunik Province Dastakert
5%
No matching quizzes found
Score Distribution
Percent of People with Each Score
Percentile by Number Answered
Your Score History
You have not taken this quiz